000 00474nam a2200181Ia 4500
001 18679
005 20260306171648.0
008 260306s9999||||xx |||||||||||||| ||und||
041 _aESP
082 _a658.45
_bS29
100 _aScheinsohn, Daniel
_eAUT
245 0 _aComunicación estratégica:
_bla opinión pública y el proceso comunicacional
260 _c2011
300 _a134 páginas :
_c22 cm.
650 _aGEN
654 _aCAN
942 _cLIB
_dJUS
_fJUS
_2ddc
_n
999 _c18679
_d18679